000
00199nmm a2200085Ia 4500
008
220120s9999||||xx |||||||||||||||||und||
100
_a
Douglaus, Perry V.
_9
10766
245
0
_a
VHDL
260
_b
New Delhi
999
_c
138894
_d
138894